Sports Quiz

Random Sports or College Quiz

Name the Kicker's College 1935-2015 Quiz Stats

 Plays Quiz not verified by Sporcle

Score 0/102 Timer 20:00
0 Plays Today
Hint Answer % Correct
Sebastian JanikowskiFlorida State
96.7%
Mike NugentOhio State
80%
Kevin ButlerGeorgia
63.3%
Jason ElamHawaii
63.3%
Zoltan MeskoMichigan
63.3%
Matt BahrPenn State
60%
Tom TupaOhio State
60%
Nate KaedingIowa
56.7%
Blair WalshGeorgia
56.7%
Robbie GouldPenn State
56.7%
Chris BahrPenn State
53.3%
Jason HansonWashington State
53.3%
Brett ConwayPenn State
53.3%
Martin GramaticaKansas State
53.3%
Caleb SturgisFlorida
53.3%
Adam VinatieriSouth Dakota State
53.3%
Morten AndersenMichigan State
50%
Paul EdingerMichigan State
50%
Josh BrownNebraska
50%
Dave RaynerMichigan State
50%
Dan BaileyOklahoma State
50%
Jay FeelyMichigan
50%
Ray GuySouthern Mississippi
46.7%
Max ZendejasArizona
46.7%
Dustin ColquittTennessee
46.7%
Mason CrosbyColorado
46.7%
Randy BullockTexas A&M
46.7%
Phil DawsonTexas
46.7%
Graham GanoFlorida State
46.7%
Greg MontgomeryMichigan State
43.3%
Shane LechlerTexas A&M
43.3%
Daniel SepulvedaBaylor
43.3%
Nick FolkArizona
43.3%
John CarneyNotre Dame
43.3%
Hint Answer % Correct
Ryan LongwellCalifornia
43.3%
Connor BarthUNC
43.3%
Steve LittleArkansas
40%
Craig HentrichNotre Dame
40%
Todd SauerbrunWest Virginia
40%
Kris BrownNebraska
40%
Jeff ChandlerFlorida
40%
Stephen GostkowskiMemphis
40%
Alex HeneryNebraska
40%
Matt BryantBaylor
40%
Garrett HartleyOklahoma
40%
Uwe Von SchamannOklahoma
36.7%
Rohn StarkFlorida State
36.7%
Gary AndersonSyracuse
36.7%
Pete StoyanovichIndiana
36.7%
John KasayGeorgia
36.7%
Brad MaynardBall State
36.7%
Neil RackersIllinois
36.7%
Pat McAfeeWest Virginia
36.7%
Lou GrozaOhio State
36.7%
Jan StenerudMontana State
33.3%
Ralf MojsiejenkoMichigan State
33.3%
Jeff JaegerWashington
33.3%
Mitch BergerColorado
33.3%
Ryan SuccopSouth Carolina
33.3%
Jeff LockeUCLA
33.3%
Al Del GrecoAuburn
33.3%
Olindo MareSyracuse
33.3%
Billy CundiffDrake
33.3%
Nick NovakMaryland
33.3%
Quinn SharpOklahoma State
33.3%
Don ChandlerFlorida
30%
Eddie MurrayTulane
30%
Donald IgwebuikeClemson
30%
Hint Answer % Correct
Chip LohmillerMinnesota
30%
Chris MohrAlabama
30%
Todd PetersonGeorgia
30%
Doug BrienCalifornia
30%
Bill GramaticaSouth Florida
30%
David AkersLouisville
30%
Raul AllegreTexas
30%
Mike VanderjagtWest Virginia
30%
Shayne GrahamVirginia Tech
30%
Shaun SuishamBowling Green State
30%
Jim BreechCalifornia
26.7%
Mike LansfordWashington
26.7%
Mike HoranLong Beach State
26.7%
Brian HansenSioux Falls
26.7%
Jeff HallTennessee
26.7%
Sam KochNebraska
26.7%
Sean LandetaTowson
26.7%
Mark MoseleyStephen F Austin
23.3%
Rolf BernischkeCalifornia-Davis
23.3%
Matt StoverLouisiana Tech
23.3%
Chris JackeUTEP
23.3%
Chris GardockiClemson
23.3%
Steve McLaughlinArizona
23.3%
Josh BidwellOregon
23.3%
Rob BironasGeorgia Southern
23.3%
Chris BoniolLouisiana Tech
23.3%
Tom DempseyPalomar College
23.3%
Matt PraterCentral Florida
20%
Tony ZendejasNevada-Reno
16.7%
Josh ScobeeLouisiana Tech
16.7%
Cairo SantosTulane
16.7%
Mike SaxonSan Diego State
13.3%
Greg ZuerleinMissouri Western State
13.3%
Dan CarpenterMontana
13.3%

You're not logged in!

Compare scores with friends on all Sporcle quizzes.
OR
Log In

Sporcle TV

Today on Sporcle TV


Watch our educational content, quiz creation guides, and fun videos on Sporcle TV.

Show Comments

Extras

Created Jan 3, 2015ReportNominate
Tags:College Quiz, kicker

Top Quizzes Today


Score Distribution

Your Account Isn't Verified!

In order to create a playlist on Sporcle, you need to verify the email address you used during registration. Go to your Sporcle Settings to finish the process.

Report this User

Report this user for behavior that violates our Community Guidelines.

Details: